000 00829nam0a22002411 4500
001 rc\154008
005 20030307112708.4
010 _a5-85099-061-5
_930000
035 _a(NLR Aleph) 005421538
090 _a7481094
_c7481094
100 _a20030307d1996 u |0rusy50 ca
101 0 _arus
102 _aRU
105 _aa |||||||||
200 1 _aМельник, мальчик и осел
_eВост. сказка [в стихах
_eДля дошк. и мл. шк. возраста]
_fС. Маршак
_gХудож. Е. Подколзин
210 _aФрязино
_cВек 2
_dБ. г. (1996)
215 _a[8] с.
_cцв. ил.
_d25
700 1 _aМаршак
_bС. Я.
_f1887-1964
_gСамуил Яковлевич
801 0 _aRU
_bNLR
_gpsbo
801 1 _aRU
_bELAR
_2rusmarc
852 _aNLR
_j96-7/423
942 _cBOOK
980 _aNB